000 00928nam a22002535i 4500
001 176838
003 ES-MaACL
005 20250605123847.0
008 110214s1957 sp af |||| | spa d
080 _a75 Cézanne, Paul
100 1 _aRousseau, Théodore.
_9145177
245 1 0 _aPablo Cézanne
_b: (1839-1906) /
_ctexto de Théodore Rousseau ; traducción de R. Santos Torroella.
260 _aBarcelona :
_bTimun Mas,
_ccop. 1957.
300 _a[1] h. , [72] p. :
_bil. , lám. col. y n. , algunas pleg. ;
_c18 cm.
490 1 _aEl libro de arte de bolsillo
500 _aEncuadernado con otros títulos.
504 _aBibliografía: p. [72]
597 _aEn el lomo: Tomos VII-XI.
600 1 4 _aCézanne, Paul,
_d1839-1906
_9240803
700 0 _aSantos Torroella, Rafael.
_9103536
830 0 _aEl libro de arte de bolsillo
_9183601
852 _aES-MaACL
_jE-14306 (10)
_xOlim P-144
999 _c176838
_d176838